| 000 | 00431nam a2200109Ia 4500 | ||
|---|---|---|---|
| 008 | 160909s9999 xx 000 0 und d | ||
| 100 | _aBecker, Joshua M. | ||
| 245 | _a"The Space We Inhabit Together" Exploring the Impact of Legal Marriage on the Lives of Gay Men in Same-Sex Marriages | ||
| 260 |
_bUnion Institute and University. _c2016 |
||
| 650 | _aPSYCHOLOGY | ||
| 856 | _uhttp://pqdtopen.proquest.com/doc/1797921730.html?FMT=ABS | ||
| 999 |
_c304098 _d304098 |
||